NBA All-Time Scoring Leaders - Statistics

General Stats
  • This quiz has been taken 27 times
  • The average score is 21 of 30
Answer Stats
Total Points Player % Correct
35,367 Active* LeBron James
100%
31,560 Dirk Nowitzki
96%
38,387 Kareem Abdul-Jabbar
96%
36,928 Karl Malone
96%
33,643 Kobe Bryant
96%
32,292 Michael Jordan
96%
27,409 Moses Malone
96%
23,883 Active* Kevin Durant
88%
28,596 Shaquille O'Neal
83%
31,419 Wilt Chamberlain
83%
27,370 Active* Carmelo Anthony
79%
26,496 Tim Duncan
79%
23,757 Charles Barkley
75%
26,946 Hakeem Olajuwon
75%
25,192 Jerry West
71%
26,071 Kevin Garnett
71%
26,397 Paul Pierce
71%
26,710 Oscar Robertson
67%
27,313 Elvin Hayes
63%
26,395 John Havlicek
63%
24,815 Patrick Ewing
63%
25,728 Vince Carter
63%
24,368 Allen Iverson
58%
24,505 Ray Allen
54%
26,668 Dominique Wilkins
50%
25,613 Alex English
38%
25,279 Reggie Miller
38%
23,334 Robert Parish
29%
23,177 Adrian Dantley
21%
23,165 Dwayne Wade
0%
No matching quizzes found
Score Distribution
Percent of People with Each Score
Percentile by Number Answered
Your Score History
You have not taken this quiz